Ελευθέρα κριτική : του ποινικού δικαίου
Αποθηκεύτηκε σε:
| Κύριος συγγραφέας: | |
|---|---|
| Μορφή: | Βιβλίο |
| Γλώσσα: | Greek |
| Δημοσίευση: |
Εν Αθήναις :
Τύποις Εταιρείας - Π.Δ. Σακελλάριος,
1927
|
| Θέματα: | |
| Διαθέσιμο Online: | http://hdl.handle.net/11610/16484 |
| Ετικέτες: |
Προσθήκη ετικέτας
Δεν υπάρχουν, Καταχωρήστε ετικέτα πρώτοι!
|
MARC
| LEADER | 00000cam a2200000 i 4500 | ||
|---|---|---|---|
| 001 | 1/30767 | ||
| 008 | 130603s1927 gre d | ||
| 035 | |l 10114617 | ||
| 040 | |a GR-MY-UA |b gre |e aacr | ||
| 041 | 0 | |a gre | |
| 082 | 0 | |a 345 |2 (22) | |
| 100 | 1 | |a Συγκελλάκης, Ι. Σ. | |
| 245 | 1 | 0 | |a Ελευθέρα κριτική : |b του ποινικού δικαίου / |c Ι. Σ. Συγκελάκη |
| 260 | |a Εν Αθήναις : |b Τύποις Εταιρείας - Π.Δ. Σακελλάριος, |c 1927 | ||
| 300 | |a 72 σ.; |c 25 εκ. | ||
| 500 | |a Υπάρχει ψηφιακό αντίγραφο. | ||
| 650 | 0 | 0 | |a Criminal law. |
| 852 | |a INST |b SAMOS |c PORFYRIADA |e 20130603 |h 345 ΣΥΓ |p 005300040171 |q 005300040171 |t NOLOAN |y 23 | ||
| 856 | |u http://hdl.handle.net/11610/16484 | ||
| 901 | |a BIBL3-2013-2 | ||
| 909 | |a Σ |b 178394 | ||
| 970 | |a ΚΟΣΙΕΡΗΣ |b ΧΡΗΣΤΟΣ |z 2013/05/31 | ||